Models of the distribution of products and banking facilities

Článok analyzuje základné distribučné modely: elektronické bankovníctvo, stacionárnu distribúciu, viackanálovú distribúciu a výlučne elektronickú distribúciu. Každý z týchto modelov predstavuje významné prvky silných stránok konkurencieschopnosti banky, to však ešte automaticky nezaručuje úspech na...

Full description

Saved in:
Bibliographic Details
Main Author: Binda, Jacek
Format: Book Chapter
Language:English
Subjects:
Tags: Add Tag
No Tags, Be the first to tag this record!

MARC

LEADER 00000naa$a2200000$$$4500
001 0001655
005 20231004075932.6
041 0 |a eng 
044 |a CZ 
245 1 0 |a Models of the distribution of products and banking facilities  |c aut. Jacek Binda 
520 |a Článok analyzuje základné distribučné modely: elektronické bankovníctvo, stacionárnu distribúciu, viackanálovú distribúciu a výlučne elektronickú distribúciu. Každý z týchto modelov predstavuje významné prvky silných stránok konkurencieschopnosti banky, to však ešte automaticky nezaručuje úspech na trhu. 
610 2 0 |a bankovníctvo elektronické 
610 2 0 |a technológie nové 
610 2 0 |a modely distribučné 
610 2 0 |a produkty 
610 2 0 |a banky 
610 2 0 |a konkurencieschopnosť 
100 1 |a Binda, Jacek